Catálogo
 En Linea

Romanian economic journalism in Transylvania in the first half of the nineteenth century / (Registro nro. 13869)

Detalles MARC
000 -CABECERA
campo de control de longitud fija 01073cam a2200265 a 4500
001 - NÚMERO DE CONTROL
campo de control 000014273
005 - FECHA Y HORA DE LA ÚLTIMA TRANSACCIÓN
campo de control 20200929163542.0
008 - DATOS DE LONGITUD FIJA--INFORMACIÓN GENERAL
campo de control de longitud fija 060119s2005 rm b 001 0 eng d
020 ## - NÚMERO INTERNACIONAL ESTÁNDAR DEL LIBRO
Número Internacional Estándar del Libro 9738687195
040 ## - FUENTE DE LA CATALOGACIÓN
Centro catalogador/agencia de origen DO-SdBNP
Lengua de catalogación eng
Centro/agencia transcriptor LC
Centro/agencia modificador BNPHU
041 17 - CÓDIGO DE LENGUA
Código de lengua del texto/banda sonora o título independiente eng
Código de lengua original rum
Fuente del código Código de idioma MARC
050 00 - SIGNATURA TOPOGRÁFICA DE LA BIBLIOTECA DEL CONGRESO
Número de clasificación PN5355.R8
Número de documento/Ítem L86 2005
082 ## - NÚMERO DE LA CLASIFICACIÓN DECIMAL DEWEY
Número de clasificación nn*
Número de documento/Ítem L958r
049 ## - FONDOS LOCALES (OCLC)
Fondos de biblioteca BNGR
100 1# - ENTRADA PRINCIPAL--NOMBRE DE PERSONA
Nombre de persona Lumperdean, Ioan.
9 (RLIN) 32229
240 10 - TÍTULO UNIFORME
Título uniforme Publicisticã economica româneascã din Transilvania.
Lenguaje de la obra Inglés
245 10 - MENCIÓN DE TÍTULO
Título Romanian economic journalism in Transylvania in the first half of the nineteenth century /
Mención de responsabilidad, etc. Ioan Lumperdean ; Traducción del rumano Ramona-Alina Panei y Radu Bazavan.
260 ## - PUBLICACIÓN, DISTRIBUCIÓN, ETC.
Lugar de publicación, distribución, etc. Cluj-Napoca :
Nombre del editor, distribuidor, etc. Romanian Cultural Institute,
Fecha de publicación, distribución, etc. 2005.
300 ## - DESCRIPCIÓN FÍSICA
Extensión 198 p. ;
Dimensiones 21 cm.
504 ## - NOTA DE BIBLIOGRAFÍA, ETC.
Nota de bibliografía, etc. Incluye referencias bibliográficas p. [141]-193 e índice.
650 #0 - PUNTO DE ACCESO ADICIONAL DE MATERIA--TÉRMINO DE MATERIA
Término de materia o nombre geográfico como elemento de entrada Journalism, commercial
Subdivisión geográfica Romania
-- Transylvania
Subdivisión general History
Subdivisión cronológica 19th century.
9 (RLIN) 32230
700 1# - PUNTO DE ACCESO ADICIONAL--NOMBRE DE PERSONA
Nombre de persona Panei, Ramona-Alina,
Término indicativo de función/relación tr.
9 (RLIN) 32231
700 1# - PUNTO DE ACCESO ADICIONAL--NOMBRE DE PERSONA
Nombre de persona Bãzãvan, Radu,
Término indicativo de función/relación tr.
9 (RLIN) 32232
910 ## - DATOS DE OPCIÓN DEL USUARIO (OCLC)
Datos de opción del usuario Catalogación por copia / LC
Existencias
Estado de retiro Estado de pérdida Restricciones de uso No para préstamo Código de colección Localización permanente Ubicación/localización actual Ubicación en estantería Fecha de adquisición Número de inventario Total de préstamos Signatura topográfica completa Código de barras Fecha visto por última vez Precio válido a partir de Tipo de ítem Koha
        Monografías: Libros y Folletos General General En catalogación 08.12.2009 LF1   nn* L958r 14273-10 25.06.2020 25.06.2020 Préstamo en sala

Con tecnología Koha